000 00588nam a22001937a 4500
005 20251108164013.0
008 250721s1986 xx 000 0 ara d
082 1 4 _a210.433/محم
100 1 _aالفنجري، محمد شوقي
245 1 0 _aالمذهب الإقتصادي في الإسلام /
250 _aط2.
264 1 _aالقاهرة :
_bالهيئة المصرية العامة للكتاب،
_c1986.
300 _a263ص.
650 1 7 _aالإسلام
650 1 7 _aالإقتصاد
650 1 7 _aالإقتصاد الإسلامي
942 _2ddc
_cBK
999 _c1169
_d1169